00480nam a2200157Ia 4500003000900000008004100009040001600050080001500066100002000081245009200101260003600193300001400229490004600243650001400289650001900303IN-BaIIA211028s9999 xx 000 0 eng d cIIA Library a681.3bPAR aParzen, Emanuel 0aTime series analysis paperscEmanuel Parzen  aSan FranciscobHolden-Dayc1967 axv, 565p. aHolden-Day series in time series analysis aComputers aNASA Thesaurus